01862nam a2200325 a 450000100100000000500170001000800410002702000350006802000340010302000290013704000250016608200170019110000270020824500660023526000370030130000320033850000260037050500620039659000260045895201230048495201230060795201230073095201080085395201140096195201080107595201140118395201080129795201140140599900170151900004718120201002053426.0180810s2017 dr ac 000 0 spa d a9789945124354 (teacher's book) z9789945124330 (students book) z9789945124347 (workbook) aDO-SdBNPbspacBNPHU axxxxbB598en1 aBillini, Raúl97494310aEnglish 1 :b1th grade of secondary school /cRaúl Billini. aSanto Domingo :bSusaeta,c2017. av. :bil., retrs. ;c30 cm. aNew curriculum design0 gv.1.tteacher's bookgv.2.tstudents bookgv.3.tworkbook aInventariado, 2018/LP 001054708PDaGRbGRcHDd2018-04-18iLF1l0ov. 1, e. 3p47181-30r2020-06-25w2020-06-25yLFPDZPréstamo en sala 001054708PDaGRbGRcHDd2018-12-17iLF1l0ov. 2, e. 3p47181-60r2020-06-25w2020-06-25yLFPDZPréstamo en sala 001054708PDaGRbGRcHDd2018-12-17iLF1l0ov. 3, e. 3p47181-90r2020-06-25w2020-06-25yLFPDZPréstamo en sala 0010718PDaPDbPDcHDd2018-04-18iLF1l0ov. 1p47181-10r2020-06-25w2020-06-25yLFPDZNo se presta 0010718PDaPDbPDcHDd2018-04-18iLF1l0ov. 1, e. 2p47181-20r2020-06-25w2020-06-25yLFPDZNo se presta 0010718PDaPDbPDcHDd2018-12-17iLF1l0ov. 2p47181-40r2020-06-25w2020-06-25yLFPDZNo se presta 0010718PDaPDbPDcHDd2018-12-17iLF1l0ov. 2, e. 2p47181-50r2020-06-25w2020-06-25yLFPDZNo se presta 0010718PDaPDbPDcHDd2018-12-17iLF1l0ov. 3p47181-70r2020-06-25w2020-06-25yLFPDZNo se presta 0010718PDaPDbPDcHDd2018-12-17iLF1l0ov. 3, e. 2p47181-80r2020-06-25w2020-06-25yLFPDZNo se presta c46669d46669